[Event "Praia op 2nd"]
[Site "Praia a Mare"]
[Date "2010.03.31"]
[Round "1"]
[White "Cardinale, Francesco"]
[Black "Stoduto, Francescantonio"]
[Result "1-0"]
[WhiteElo "1600"]
[BlackElo "1485"]
[PlyCount "105"]
[EventDate "2010.03.31"]
[EventType "swiss"]
[EventRounds "5"]
[EventCountry "ITA"]
[SourceTitle "EXT 2023"]
[Source "ChessBase"]
[SourceDate "2022.10.05"]
[SourceVersion "1"]
[SourceVersionDate "2022.10.05"]
[SourceQuality "1"]

1. e4 e6 2. d4 d5 3. e5 c5 4. c3 Nc6 5. Nf3 Qb6 6. a3 Nge7 7. b4 cxd4 8. cxd4 Nf5 9. Bb2 g6 10. Bd3 Nce7 11. Nc3 Nxd4 12. Nxd4 Bd7 13. Na4 Qc7 14. Nb5 Bxb5 15. Bxb5+ Nc6 16. Rc1 Be7 17. h4 Rd8 18. Nc5 Qb6 19. Bxc6+ bxc6 20. Bd4 Qb5 21. Qa4 Bxc5 22. Qxb5 cxb5 23. Bxc5 Rc8 24. 0-0 Kd7 25. Bd4 Ra8 26. Rc5 Rhc8 27. Rfc1 a6 28. R1c3 Rab8 29. g4 Ra8 30. f4 Rab8 31. Kf2 Rxc5 32. Bxc5 Rc8 33. Ke3 Ke8 34. Kd4 Kd7 35. Bb6 Rxc3 36. Kxc3 Kc6 37. Ba5 Kb7 38. Kd4 Kc6 39. Bd8 Kd7 40. Bf6 Kc6 41. h5 Kb6 42. hxg6 hxg6 43. f5 Kc6 44. fxe6 fxe6 45. Be7 Kd7 46. Bc5 Ke8 47. Bb6 Kd7 48. Kc5 Kc8 49. Kc6 Kb8 50. Kd7 Kb7 51. Bd4 a5 52. Kxe6 Kc6 53. Kf7 1-0